Pays du Sahel sur une carte - Statistiques

Statistiques générales
  • Ce quiz a été pris 23 343 fois
  • Le résultat moyen est 12 sur 13
Réponses sur la Carte
Les réponses sont colorées sur une échelle allant du rouge au vert en fonction du pourcentage des utilisateurs qui les ont devinées à leur premier essai. Vous pouvez retrouver ces pourcentages ci-dessous.
 
Statistiques - réponses
Pays % Correct
Mali
96%
Algérie
95%
Niger
95%
Mauritanie
94%
Sénégal
94%
Soudan
93%
Nigéria
92%
Tchad
92%
Soudan du Sud
88%
Burkina Faso
83%
Gambie
83%
Érythrée
77%
Cameroun
75%
Aucun quiz correspondant
Distribution des résultats
% des personnes avec chaque résultat
Percentile par nombre de réponses
Votre historique - résultats
Vous n’avez pas pris ce quiz